000 00660nam a22001937a 4500
003 OSt
005 20251127124904.0
008 251127b |||||||| |||| 00| 0 eng d
020 _a978-971-510-3190
040 _aDWCL - Main
_cOC
082 _aFil. 922 L426w 2023
100 _aLayugan, Michael G., SVD
245 _aWilhelm Finnemann :
_ban SVD Filipino martyr /
_cMichael G. Layugan, SVD
260 _aManila, Philippines:
_bLogos Publishing Inc.,
_cc2023.
300 _a645 pages:
_billustration;
_c22cm.
650 _a1. Wilhelm Finnemann - Biography.
650 _a2. Wilhelm Finnemann - Lite Histories - Missionary.
942 _2ddc
_cBK - FIL
_kFil.
_n0
999 _c6461
_d6461